Debate sobre Norteamérica / (Record no. 182950)

MARC details
000 -LEADER
campo de control de longitud fija 00987nam a2200265 i 4500
001 - NÚMERO DE CONTROL
campo de control 182950
003 - IDENTIFICADOR DE NÚMERO DE CONTROL
campo de control ES-MaACL
005 - FECHA Y HORA DE LA ÚLTIMA TRANSACCIÓN
campo de control 20250831013910.0
008 - DATOS DE LONGITUD FIJA--INFORMACIÓN GENERAL
campo de control de longitud fija 140107s1972 sp |||| | spa d
080 ## - NÚMERO DE LA CLASIFICACIÓN DECIMAL UNIVERSAL
Número de la Clasificación Decimal Universal 308(73)
080 ## - NÚMERO DE LA CLASIFICACIÓN DECIMAL UNIVERSAL
Número de la Clasificación Decimal Universal 338(73)
245 00 - MENCIÓN DEL TÍTULO
Título Debate sobre Norteamérica /
Mención de responsabilidad, etc. [Traducción, Helena Valentí].
260 ## - PUBLICACIÓN, DISTRIBUCIÓN, ETC.
Lugar de publicación, distribución, etc. [Barcelona] :
Nombre del editor, distribuidor, etc. Anagrama,
Fecha de publicación, distribución, etc. [1972]
300 ## - DESCRIPCIÓN FÍSICA
Extensión 136 p. ;
Dimensiones 18 cm.
490 1# - MENCIÓN DE SERIE
Mención de serie Cuadernos Anagrama. Serie, Documentos ;
Designación de volumen o secuencia 37
505 8# - NOTA DE CONTENIDO CON FORMATO
Nota de contenido con formato Contiene: Adónde va América? ; Las leyes del desarrollo desigual / Ernest Mandel. La contradicción universal / Martín Nicolaus
651 #4 - PUNTO DE ACCESO ADICIONAL DE MATERIA--NOMBRE GEOGRÁFICO
Nombre geográfico Estados Unidos-
Subdivisión general Situación social
9 (RLIN) 8575
651 #4 - PUNTO DE ACCESO ADICIONAL DE MATERIA--NOMBRE GEOGRÁFICO
Nombre geográfico Estados Unidos-
Subdivisión general Situación económica
9 (RLIN) 8572
700 1# - ENTRADA AGREGADA--NOMBRE PERSONAL
Nombre de persona Valentí, Helena.
9 (RLIN) 112595
700 1# - ENTRADA AGREGADA--NOMBRE PERSONAL
Nombre de persona Mandel, Ernest.
9 (RLIN) 75941
700 1# - ENTRADA AGREGADA--NOMBRE PERSONAL
Nombre de persona Nicolaus, Martín.
9 (RLIN) 85590
830 0# - PUNTO DE ACCESO ADICIONAL DE SERIE-TÍTULO UNIFORME
Título uniforme Cuadernos Anagrama. Serie, Documentos ;
Designación de volumen o secuencia 37
9 (RLIN) 185119
852 ## - LOCALIZACIÓN
Ubicación ES-MaACL
Número de control de estantería C-52750
Holdings
Estatus retirado Estado de pérdida Estado de daño No para préstamo Biblioteca de origen Biblioteca actual Ubicación en estantería Fecha de adquisición Fuente de adquisición Total de préstamos Signatura topográfica completa Código de barras Visto por última vez Precio de reemplazo Tipo de ítem Koha
        Biblioteca del Ateneo de Madrid Biblioteca del Ateneo de Madrid Depósito 2 07/01/2014     C-52750 1192285 23/02/2023 23/02/2023 Libro impreso